01846cam a2200349 a 4500999001700000001000900017005001700026008004100043010001700084015001900101016001800120020005200138020004900190020004700239020004400286035002400330050002100354100002500375245013100400260009000531300005500621500012400676504006400800505030900864650005901173700002501232700002501257700002901282710004801311942001501359952012201374 c21555d215551557965920170121152031.0090108s2009 nyuab bc 001 0 eng  a 2009000590 aGBA9060682bnb7 a0148834412Uk a9781588393104 (Metropolitan Museum of Art (hc)) a1588393100 (Metropolitan Museum of Art (hc)) a9780300148916 (Yale University Press (hc)) a0300148917 (Yale University Press (hc)) a(OCoLC)ocn29924289700aN7363.4.L44 20091 aLee, Soyoung,d1971-10aArt of the Korean Renaissance, 1400-1600 /cSoyoung Lee ; with essays by JaHyun Kim Haboush, Sunpyo Hong, and Chin-Sung Chang. aNew York :bMetropolitan Museum of Art ;aNew Haven :bYale University Press,cc2009. axii, 128 p. :bill. (chiefly col.), maps ;c28 cm. aPublished in conjunction with an exhibition on view at the Metropolitan Museum of Art, New York, Mar. 17-June 21, 2009. aIncludes bibliographical references (p. 115-121) and index.0 aCreating a society of civil culture : the early Joseon, 1392-1592 / JaHyun Kim Haboush -- Art and patronage in the early Joseon / Soyoung Lee -- Peace under heaven : Confucianism and painting in early Joseon Korea / Sunpyo Hong and Chin-Sung Chang -- Checklist of objects in the exhibition / Soyoung Lee. 0aArt, KoreanyChosŏn dynasty, 1392-1910vExhibitions.1 aHaboush, JaHyun Kim.1 aHong, Sunpyo,d1949-1 aChang, Chin-Sung,d1966-2 aMetropolitan Museum of Art (New York, N.Y.) 2lcccBOOKS 00102lcc4070aMUCbMUCcTECHd2017-01-21eDonation(BFA)l0oN7363.4.L44 2009p31494r2018-07-23w2017-01-21yBOOKS